[Event "20th Open"]
[Site "Cappelle la Grande FRA"]
[Date "2004.03.02"]
[Round "5"]
[White "Najer,E"]
[Black "Tseitlin,Ma"]
[Result "1-0"]
[WhiteElo "2602"]
[BlackElo "2426"]
[EventDate "2004.02.28"]

1. e4 c5 2. Nf3 d6 3. Bc4 Nc6 4. c3 Nf6 5. Qe2 a6 6. Bb3 Bg4 7. h3 Bxf3 8.
Qxf3 g6 9. O-O Bg7 10. d3 O-O 11. Bg5 b5 12. Nd2 a5 13. a4 b4 14. Rac1 Rb8
15. Qg3 Qd7 16. Bc4 bxc3 17. bxc3 Rb2 18. Bb5 Qc7 19. Nc4 Ra2 20. Ne3 e6
21. Nc4 Ne5 22. Nxe5 dxe5 23. Qf3 Nh5 24. g3 Kh8 25. Qd1 f5 26. Qb3 Re2 27.
Qxe6 f4 28. Be7 Rc8 29. g4 Ng3 30. fxg3 c4 31. dxc4 Qa7+ 32. c5 Bf8 33. Ra1
1-0

[Event "20th Open"]
[Site "Cappelle la Grande FRA"]
[Date "2004.03.02"]
[Round "5"]
[White "Timofeev,Ar"]
[Black "Seel,C"]
[Result "1-0"]
[WhiteElo "2578"]
[BlackElo "2380"]
[EventDate "2004.02.28"]

1. e4 e5 2. Nf3 Nc6 3. Bb5 Nf6 4. O-O Nxe4 5. d4 Nd6 6. Bxc6 dxc6 7. dxe5
Nf5 8. Qxd8+ Kxd8 9. Nc3 Bd7 10. h3 Kc8 11. Rd1 b6 12. g4 Ne7 13. Ng5 Be8
14. Bf4 h6 15. Nge4 c5 16. Rd2 Kb7 17. Rad1 Nc6 18. Ne2 Be7 19. Bg3 f6 20.
e6 Ne5 21. Bxe5 fxe5 22. N2c3 Bc6 23. Rd7 Bxd7 24. Rxd7 Bf6 25. Nd5 Rab8
26. c4 Ka6 27. Nxc7+ Ka5 28. Nd5 a6 29. e7 b5 30. cxb5 Kxb5 31. Ndxf6 gxf6
32. Nxf6 Kc6 33. Rd5 Rxb2 34. Rd7 Rb7 35. Rd1 h5 36. Ne4 hxg4 37. Nf6 Ra8
38. Rd2 Rd8 39. Ng8 Ra8 40. Rd1 Rd8 41. f4 Ra8 42. fxe5 Rd8 43. e6 Ra8 44.
e8=Q+ Rxe8 45. Nf6 Rh8 1-0

[Event "20th Open"]
[Site "Cappelle la Grande FRA"]
[Date "2004.03.02"]
[Round "5"]
[White "Geller,J"]
[Black "Huguenin,O"]
[Result "1-0"]
[WhiteElo "2494"]
[BlackElo "2162"]
[EventDate "2004.02.28"]

1. e4 b6 2. d4 Bb7 3. Nc3 g6 4. Be3 Bg7 5. Qd2 d6 6. O-O-O Nd7 7. f3 h6 8.
Nge2 e6 9. g4 Ne7 10. h4 c6 11. f4 f6 12. Ng3 Qc7 13. f5 gxf5 14. gxf5 e5
15. dxe5 dxe5 16. Nh5 Bf8 1-0

[Event "20th Open"]
[Site "Cappelle la Grande FRA"]
[Date "2004.03.02"]
[Round "5"]
[White "Perunovic,Mil"]
[Black "Libiszewski,F"]
[Result "1-0"]
[WhiteElo "2550"]
[BlackElo "2451"]
[EventDate "2004.02.28"]

1. e4 c5 2. Nf3 d6 3. Bc4 Nc6 4. c3 Nf6 5. d3 e6 6. Bb3 Be7 7. O-O O-O 8.
Re1 d5 9. e5 Nd7 10. d4 Re8 11. Nbd2 b5 12. Nf1 b4 13. Ba4 Qc7 14. Bg5 Bf8
15. cxb4 cxb4 16. Rc1 Bb7 17. Qd3 Rec8 18. Bd2 Be7 19. h4 Qb6 20. Bc2 Nf8
21. N1h2 Ba6 22. Qe3 f6 23. exf6 Bxf6 24. Ng4 Bxd4 25. Nxd4 Qxd4 26. Qg5
Qxb2 27. Bf4 Bc4 28. h5 a5 29. Ba4 Nd4 30. Nh6+ Kh8 31. Nf7+ Kg8 32. Be5
1-0

[Event "20th Open"]
[Site "Cappelle la Grande FRA"]
[Date "2004.03.02"]
[Round "5"]
[White "Popov,Val"]
[Black "Nogueiras,J"]
[Result "0-1"]
[WhiteElo "2580"]
[BlackElo "2482"]
[EventDate "2004.02.28"]

1. d4 d5 2. c4 e6 3. Nc3 Bb4 4. Nf3 Ne7 5. Qb3 c5 6. a3 Ba5 7. e3 cxd4 8.
exd4 Nbc6 9. Be3 O-O 10. Be2 dxc4 11. Qxc4 b5 12. Qb3 a6 13. O-O Nf5 14.
Rfd1 Bb6 15. Rac1 Bb7 16. Bg5 Qb8 17. d5 Ncd4 18. Nxd4 Nxd4 19. Qb4 Qe5 0-1

[Event "20th Open"]
[Site "Cappelle la Grande FRA"]
[Date "2004.03.02"]
[Round "5"]
[White "Skatchkov,P"]
[Black "Laval,B"]
[Result "1-0"]
[WhiteElo "2493"]
[BlackElo "2094"]
[EventDate "2004.02.28"]

1. d4 g6 2. c4 Bg7 3. Nf3 Nf6 4. g3 d6 5. Bg2 O-O 6. O-O Nbd7 7. Nc3 e5 8.
e4 a5 9. Re1 exd4 10. Nxd4 Ne5 11. b3 Bg4 12. f3 Bd7 13. Be3 Nc6 14. Qd2
Re8 15. Rad1 Qe7 16. Ndb5 Qd8 17. h3 Be6 18. f4 Nd7 19. Kh2 Ne7 20. Nd4 Nc5
21. Nxe6 fxe6 22. e5 Nf5 23. Nb5 Nxe3 24. Qxe3 1-0

[Event "20th Open"]
[Site "Cappelle la Grande FRA"]
[Date "2004.03.02"]
[Round "5"]
[White "Le Corre,B"]
[Black "Wojtaszek,R"]
[Result "0-1"]
[WhiteElo "2122"]
[BlackElo "2480"]
[EventDate "2004.02.28"]

1. e4 c5 2. Nf3 d6 3. d4 cxd4 4. Nxd4 Nf6 5. Nc3 a6 6. Be3 e5 7. Nb3 Be6 8.
f3 Be7 9. Qd2 O-O 10. O-O-O a5 11. Qf2 a4 12. Nc5 a3 13. Nb3 axb2+ 14. Kxb2
Nbd7 15. Bb5 Qc7 16. Nd5 Bxd5 17. exd5 e4 18. f4 Ng4 19. Qe2 Nxe3 20. Qxe3
Bf6+ 21. Kb1 Rfc8 22. c4 Ra3 23. Qxe4 Nc5 24. Nxc5 Qxc5 0-1

[Event "20th Open"]
[Site "Cappelle la Grande FRA"]
[Date "2004.03.02"]
[Round "5"]
[White "Kulaots,K"]
[Black "Zozulia,A"]
[Result "1-0"]
[WhiteElo "2530"]
[BlackElo "2297"]
[EventDate "2004.02.28"]

1. e4 c5 2. Nf3 Nc6 3. d4 cxd4 4. Nxd4 Nf6 5. Nc3 e5 6. Ndb5 d6 7. Bg5 a6
8. Na3 b5 9. Bxf6 gxf6 10. Nd5 f5 11. Bd3 Be6 12. O-O Bxd5 13. exd5 Ne7 14.
Re1 Bg7 15. c3 O-O 16. Qh5 e4 17. Bf1 b4 18. cxb4 Bxb2 19. Rab1 Bg7 20. Nc4
Nxd5 21. Rbd1 Nf6 22. Qg5 d5 23. Ne3 h6 24. Qf4 Qb8 25. Qxf5 Qxb4 26. Nxd5
Nxd5 27. Qxd5 Rae8 28. Bxa6 Re5 29. Qc4 Rb8 30. Qe2 Qa3 31. Bc4 Rb2 32. Rd2
Re7 33. Rd8+ Kh7 34. Qh5 1-0

[Event "20th Open"]
[Site "Cappelle la Grande FRA"]
[Date "2004.03.02"]
[Round "5"]
[White "Fridman,D2"]
[Black "Frolyanov,D"]
[Result "1/2-1/2"]
[WhiteElo "2592"]
[BlackElo "2489"]
[EventDate "2004.02.28"]

1. Nf3 d5 2. d4 e6 3. c4 c6 4. Qc2 Nf6 5. Bg5 h6 6. Bxf6 Qxf6 7. g3 Bb4+ 8.
Nbd2 O-O 9. Bg2 Nd7 10. O-O Bxd2 11. Qxd2 dxc4 12. Qc3 b5 13. b3 Nb6 14.
bxc4 Nxc4 15. Ne5 Nxe5 16. dxe5 Qe7 17. Qxc6 Rb8 18. Qd6 Qxd6 19. exd6 Rd8
20. Rfd1 e5 21. Rac1 Be6 22. a3 Bc4 23. Bd5 Rbc8 24. Bxc4 bxc4 25. Kg2 f6
26. Rd5 Kf7 27. Rc3 Ke6 28. Ra5 f5 29. Kf3 1/2-1/2

[Event "20th Open"]
[Site "Cappelle la Grande FRA"]
[Date "2004.03.02"]
[Round "5"]
[White "Svetushkin,D"]
[Black "Gharamian,T"]
[Result "1-0"]
[WhiteElo "2553"]
[BlackElo "2332"]
[EventDate "2004.02.28"]

1. d4 Nf6 2. c4 c5 3. d5 b5 4. Nd2 bxc4 5. e4 d6 6. Bxc4 g6 7. b3 Bg7 8.
Bb2 O-O 9. Ngf3 Nbd7 10. O-O Nb6 11. Re1 Rb8 12. Qc2 Bg4 13. Bf1 Qd7 14.
Nh4 Qb7 15. h3 Bd7 16. Nhf3 h6 17. Rad1 Rfe8 18. Nc4 Qc7 19. Nxb6 Qxb6 20.
e5 Bf5 21. Qc1 dxe5 22. Nxe5 e6 23. g4 Be4 24. Nc4 1-0

[Event "20th Open"]
[Site "Cappelle la Grande FRA"]
[Date "2004.03.02"]
[Round "5"]
[White "Landuyt,E"]
[Black "Gurevich,Vl"]
[Result "0-1"]
[WhiteElo "2162"]
[BlackElo "2434"]
[EventDate "2004.02.28"]

1. e4 c5 2. Nc3 d6 3. g3 Nc6 4. Bg2 g6 5. d3 Bg7 6. f4 e6 7. Nf3 Nge7 8.
O-O O-O 9. Be3 Nd4 10. e5 Bd7 11. exd6 Nef5 12. Bf2 Bc6 13. Rb1 Nxf3+ 14.
Bxf3 Bxf3 15. Qxf3 b6 16. Ne4 Nxd6 17. Nxd6 Qxd6 18. a4 Rac8 19. b3 Rfd8
20. Rbe1 f5 21. Be3 Rc7 22. Bd2 a6 23. Re2 b5 24. axb5 axb5 25. Kg2 Ra7 26.
Be3 Rc7 27. Rfe1 Kf7 28. g4 fxg4 29. Qxg4 c4 30. dxc4 bxc4 31. Qf3 cxb3 32.
cxb3 Qb4 33. Bd2 Qb5 34. b4 Rc2 35. Qb3 Rb2 36. Qe3 Qd5+ 37. Kg3 Rb3 0-1

[Event "20th Open"]
[Site "Cappelle la Grande FRA"]
[Date "2004.03.02"]
[Round "5"]
[White "Jaracz,B"]
[Black "Miroshnichenko,E"]
[Result "0-1"]
[WhiteElo "2287"]
[BlackElo "2602"]
[EventDate "2004.02.28"]

1. e4 c5 2. Nf3 d6 3. d4 Nf6 4. Nc3 cxd4 5. Nxd4 Nc6 6. Bg5 Qb6 7. Be3 Qxb2
8. Ndb5 Qb4 9. Bd2 Qc5 10. Nc7+ Kd8 11. Nxa8 Ng4 12. Qb1 Qxf2+ 13. Kd1 Ne3+
14. Bxe3 Qxe3 15. Bd3 g6 16. Qc1 Bg4+ 17. Ne2 Bxe2+ 18. Bxe2 Qd4+ 19. Bd3
Bh6 20. Qxh6 0-1

[Event "20th Open"]
[Site "Cappelle la Grande FRA"]
[Date "2004.03.02"]
[Round "5"]
[White "Timoshenko,G"]
[Black "Marechal,A"]
[Result "1-0"]
[WhiteElo "2564"]
[BlackElo "2286"]
[EventDate "2004.02.28"]

1. e4 e6 2. d4 d5 3. Nc3 Nf6 4. e5 Nfd7 5. f4 c5 6. Nf3 Nc6 7. Be3 cxd4 8.
Nxd4 Bc5 9. Qd2 O-O 10. O-O-O a6 11. Kb1 Bxd4 12. Bxd4 b5 13. Bf2 b4 14.
Ne2 a5 15. g4 f6 16. Bg2 fxe5 17. Bxd5 Ndb8 18. Be4 Qxd2 19. Rxd2 exf4 20.
Bc5 Rf7 21. Rhd1 Rd7 22. Nd4 Bb7 23. Nxc6 Bxc6 24. Rxd7 Bxe4 25. Rd8+ Kf7
26. R1d4 1-0

[Event "20th Open"]
[Site "Cappelle la Grande FRA"]
[Date "2004.03.02"]
[Round "5"]
[White "Gyimesi,Z"]
[Black "Saiboulatov,D"]
[Result "1-0"]
[WhiteElo "2553"]
[BlackElo "2366"]
[EventDate "2004.02.28"]

1. d4 d5 2. c4 c6 3. Nf3 Nf6 4. Nc3 a6 5. c5 Nbd7 6. Bf4 Nh5 7. e3 g6 8. h4
Nxf4 9. exf4 Bg7 10. h5 b6 11. cxb6 Qxb6 12. Qd2 c5 13. Nxd5 Qe6+ 14. Ne3
cxd4 15. Nxd4 Qe4 16. Rd1 O-O 17. hxg6 hxg6 18. Be2 Rb8 19. b3 e5 20. fxe5
Nxe5 21. Nf3 Bb7 22. Nxe5 Qxe5 23. Ng4 Qc5 24. Rc1 1-0

[Event "20th Open"]
[Site "Cappelle la Grande FRA"]
[Date "2004.03.02"]
[Round "5"]
[White "Sulskis,S"]
[Black "Berkovich,M"]
[Result "1/2-1/2"]
[WhiteElo "2582"]
[BlackElo "2397"]
[EventDate "2004.02.28"]

1. e4 e5 2. Bc4 Nf6 3. d3 Nc6 4. Nf3 h6 5. O-O d6 6. a4 g6 7. a5 a6 8. d4
Bg4 9. dxe5 dxe5 10. Nbd2 Bg7 11. h3 Bd7 12. c3 O-O 13. Qc2 Nh5 14. Nb3 Qf6
15. Nc5 Bxh3 16. Nxb7 Bg4 17. Nh2 Be6 18. Bxe6 Qxe6 19. Qd1 Nf4 20. Be3
Rfb8 21. Nc5 Qc4 22. Qd7 Ne2+ 23. Kh1 Ncd4 24. cxd4 exd4 25. Rac1 Nxc1 26.
Rxc1 Qe2 27. Bf4 Rxb2 28. Ng4 Rc2 29. Rxc2 Qxc2 30. Qd5 Rb8 31. Bxc7 Rc8
32. Kh2 h5 33. Ne5 Bxe5+ 34. Qxe5 Qxf2 35. Nd3 Qc2 36. Bb6 Qxd3 37. Bxd4
Kf8 38. Qd6+ Ke8 39. Qe5+ Kf8 40. Qh8+ Ke7 41. Qe5+ Kf8 42. Qh8+ Ke7 43.
Qxc8 Qxd4 44. Qb7+ Kf8 45. Qxa6 Qxe4 46. Qf6 Qb7 47. a6 Qc7+ 48. Kg1 Qc1+
49. Qf1 Qa3 50. Qc4 Qe3+ 51. Kf1 Kg7 52. Qa2 Qf4+ 53. Qf2 Qc1+ 54. Qe1 Qc4+
55. Qe2 Qf4+ 56. Ke1 Qc1+ 57. Kf2 Qf4+ 58. Kg1 Qd4+ 59. Qf2 Qa1+ 60. Qf1
1/2-1/2

[Event "20th Open"]
[Site "Cappelle la Grande FRA"]
[Date "2004.03.03"]
[Round "6"]
[White "Brodsky,M"]
[Black "Vysochin,S"]
[Result "1/2-1/2"]
[WhiteElo "2528"]
[BlackElo "2584"]
[EventDate "2004.02.28"]

1. d4 d5 2. c4 e6 3. Nc3 c5 4. cxd5 exd5 5. Nf3 Nc6 6. g3 Nf6 7. Bg2 Be7 8.
O-O O-O 9. Bg5 c4 10. Ne5 Be6 11. f4 Ng4 12. Nxg4 Bxg4 13. Bxd5 Bxg5 14.
fxg5 Qxg5 15. Rf4 Rad8 16. Qd2 h6 17. Rd1 Be6 18. Bg2 Qa5 19. d5 Qc5+ 20.
Kh1 Bc8 21. Ne4 Qe7 22. Qc3 Ne5 23. d6 Qe8 24. Qa5 Bd7 25. Qxa7 Bc6 26. Qd4
b5 27. a3 f5 28. Nc3 Bxg2+ 29. Kxg2 Ng4 30. Rf3 f4 31. gxf4 Kh8 32. h3 Nf6
33. f5 Qh5 34. Qf4 Nh7 35. Qg4 Qe8 36. Qg6 Rf7 37. Qe6 Qf8 38. h4 Nf6 39.
Rd4 Re8 40. d7 Nxd7 41. Qd6 Rfe7 42. Kf1 Qf7 43. Qg6 Qf8 44. Qd6 Qf7 45.
Qg6 Nb8 46. Nb1 1/2-1/2

[Event "20th Open"]
[Site "Cappelle la Grande FRA"]
[Date "2004.03.03"]
[Round "6"]
[White "Grachev,B"]
[Black "Timofeev,Ar"]
[Result "1/2-1/2"]
[WhiteElo "2506"]
[BlackElo "2578"]
[EventDate "2004.02.28"]

1. d4 Nf6 2. c4 g6 3. Nf3 Bg7 4. g3 d5 5. cxd5 Nxd5 6. Bg2 Nb6 7. O-O Nc6
8. e3 O-O 9. Nc3 Re8 10. Re1 e5 11. d5 Na5 12. e4 c6 13. Bg5 f6 14. Be3
cxd5 15. Bxb6 axb6 16. Nxd5 Be6 17. Qe2 Bxd5 18. Rad1 Bc4 19. Rxd8 Bxe2 20.
Rxe8+ Rxe8 21. Rxe2 Rc8 22. Rd2 Nc4 23. Rd7 Nxb2 24. Bh3 Rc1+ 25. Kg2 Bf8
26. Be6+ Kh8 27. Rf7 Bc5 28. Rxf6 Nd3 29. Ng5 Rc2 30. Nf3 Rc3 1/2-1/2

[Event "20th Open"]
[Site "Cappelle la Grande FRA"]
[Date "2004.03.03"]
[Round "6"]
[White "Nogueiras,J"]
[Black "Tchernyi,V"]
[Result "1-0"]
[WhiteElo "2482"]
[BlackElo "2309"]
[EventDate "2004.02.28"]

1. c4 e5 2. Nc3 Nf6 3. Nf3 Nc6 4. d3 Bc5 5. g3 d6 6. Bg2 O-O 7. O-O h6 8.
a3 a5 9. e3 Re8 10. b3 Bf5 11. h3 Bh7 12. Bb2 Qd7 13. Kh2 Ba7 14. Ng1 Nd8
15. Nge2 c6 16. Ne4 Qe7 17. Nxf6+ Qxf6 18. e4 Qe7 19. f4 exf4 20. gxf4 d5
21. Ng3 dxe4 22. Qg4 f6 23. Bxe4 Qe6 24. Bxh7+ Kxh7 25. f5 Qf7 26. Nh5 Bb8+
27. Kh1 Be5 28. Rae1 c5 29. Bxe5 fxe5 30. Rg1 Rg8 31. Rxe5 Nc6 32. Rxc5
Rad8 33. Nf4 Rd4 34. Rd5 Rd8 35. Rxd8 Rxd8 36. Ne6 1-0

[Event "20th Open"]
[Site "Cappelle la Grande FRA"]
[Date "2004.03.03"]
[Round "6"]
[White "Jakubowski,K"]
[Black "Gyimesi,Z"]
[Result "0-1"]
[WhiteElo "2488"]
[BlackElo "2553"]
[EventDate "2004.02.28"]

1. d4 Nf6 2. Nf3 d5 3. Bf4 c5 4. e3 cxd4 5. exd4 Nc6 6. Be2 Bg4 7. O-O e6
8. Nbd2 Bd6 9. Bxd6 Qxd6 10. c3 h5 11. Re1 Bxf3 12. Nxf3 O-O-O 13. Bd3 Qf4
14. a4 Nd7 15. a5 g5 16. a6 b6 17. Bb5 Ne7 18. Ra4 g4 19. Ne5 Nxe5 20. dxe5
Qg5 21. c4 Kb8 22. c5 bxc5 23. Ra5 Nc8 24. Bf1 Qe7 25. Qc2 c4 26. b3 cxb3
27. Qxb3+ Nb6 28. Rb5 Qc7 29. Qb1 Rc8 30. Rc1 Qd7 31. Re1 Rc6 32. Rb4 Qc7
33. g3 Ka8 34. Rf4 Rc8 35. Rf6 Rc2 36. Qb3 Qe7 37. Qe3 Nc4 38. Qf4 Nd2 39.
Bg2 Qc5 40. Qe3 Qxe3 41. fxe3 R8c6 42. Rxf7 Rxa6 43. Re2 Ra1+ 44. Kf2 Raa2
45. Ke1 Kb8 46. Re7 Nc4 47. Rxc2 Rxc2 48. Bf1 Nxe5 49. Rxe6 Nf3+ 50. Kd1
Rd2+ 51. Kc1 Rxh2 52. Bb5 h4 0-1

[Event "20th Open"]
[Site "Cappelle la Grande FRA"]
[Date "2004.03.03"]
[Round "6"]
[White "Yevseev,D"]
[Black "Meijers,V"]
[Result "0-1"]
[WhiteElo "2580"]
[BlackElo "2499"]
[EventDate "2004.02.28"]

1. d4 d5 2. c4 e6 3. Nf3 Nf6 4. g3 dxc4 5. Bg2 Nc6 6. Qa4 Bb4+ 7. Bd2 Nd5
8. Bxb4 Ndxb4 9. O-O Rb8 10. Na3 a6 11. Ne5 Qxd4 12. Nxc6 Nxc6 13. Rfd1 Qc5
14. Bxc6+ bxc6 15. Qxc4 Qxc4 16. Nxc4 a5 17. Rd2 Rb5 18. f4 f6 19. Rad1 Ke7
20. Kf2 e5 21. fxe5 fxe5 22. Ke3 Be6 23. Na3 Rb4 24. Rc1 Bd5 25. Nb1 Bxa2
26. Nc3 Be6 27. Ne4 Rc4 28. Rxc4 Bxc4 29. Nc5 Bd5 30. Nb7 Ra8 31. Rc2 a4
32. Nc5 a3 33. bxa3 Rxa3+ 34. Kd2 Ra5 35. Ke3 Rb5 36. Rc3 h5 37. h4 Rb4 38.
Nd3 Rg4 39. Kf2 Kd6 40. Ra3 c5 41. Nb2 Rb4 42. Nd1 c4 43. Ne3 Be6 44. Ra6+
Rb6 45. Ra3 Rb2 46. Ke1 g6 47. Rc3 Kc5 48. Nd1 Rb3 49. Kd2 Kb4 50. Kc2 Bg4
51. Kd2 c6 52. Ke1 Bc8 53. Nb2 Rxb2 0-1

[Event "20th Open"]
[Site "Cappelle la Grande FRA"]
[Date "2004.03.03"]
[Round "6"]
[White "Geller,J"]
[Black "Cyborowski,L"]
[Result "1/2-1/2"]
[WhiteElo "2494"]
[BlackElo "2562"]
[EventDate "2004.02.28"]

1. e4 c6 2. d4 d5 3. e5 Bf5 4. c4 e6 5. Nc3 dxc4 6. Bxc4 Nd7 7. Nge2 Nb6 8.
Bb3 Ne7 9. O-O h6 10. Nf4 Ned5 11. Ncxd5 Nxd5 12. Nxd5 exd5 13. Bc2 Qd7 14.
Be3 Be7 15. h3 h5 16. Rc1 h4 17. Bxf5 Qxf5 18. Qg4 Qxg4 19. hxg4 g5 20. Kh2
Kd7 21. Rh1 Bf8 1/2-1/2

[Event "20th Open"]
[Site "Cappelle la Grande FRA"]
[Date "2004.03.03"]
[Round "6"]
[White "Gervais,V"]
[Black "Sprenger,J"]
[Result "1/2-1/2"]
[WhiteElo "2305"]
[BlackElo "2473"]
[EventDate "2004.02.28"]

1. d4 Nf6 2. c4 e6 3. Nc3 Bb4 4. e3 O-O 5. Bd3 d5 6. cxd5 exd5 7. Nge2 Re8
8. Qc2 c5 9. a3 Bxc3+ 10. bxc3 c4 11. Bf5 Bxf5 12. Qxf5 Nc6 13. O-O Na5 14.
Ra2 Nb3 15. Rc2 Qd6 16. Bb2 Rad8 17. Re1 g6 18. Qh3 Re7 19. Ng3 Rde8 20.
Rce2 Ne4 21. f3 Nxg3 22. hxg3 f5 23. g4 Qe6 24. gxf5 gxf5 25. a4 Qg6 26.
Qh2 Kh8 27. Ba3 Re6 28. Qc7 Rg8 29. Rf2 Qh6 30. Qxb7 Rxe3 31. Rxe3 Qxe3 32.
Bd6 Qc1+ 1/2-1/2

[Event "20th Open"]
[Site "Cappelle la Grande FRA"]
[Date "2004.03.03"]
[Round "6"]
[White "Gharamian,T"]
[Black "Bagheri,A"]
[Result "1/2-1/2"]
[WhiteElo "2332"]
[BlackElo "2534"]
[EventDate "2004.02.28"]

1. e4 c6 2. d4 d5 3. exd5 cxd5 4. c4 Nf6 5. Nc3 e6 6. Nf3 Bb4 7. Bd3 dxc4
8. Bxc4 O-O 9. O-O b6 10. Qe2 Bb7 11. Rd1 Bxc3 12. bxc3 Qc7 13. Bd2 Bxf3
14. gxf3 Nc6 15. Rac1 Nd5 16. Qe4 Rfe8 17. Bxd5 exd5 18. Qxd5 Rad8 19. Re1
Ne5 20. Qe4 Qd7 21. Bg5 Ng6 22. Qg4 f5 23. Qg3 Rc8 24. h4 Qf7 25. h5 Nf8
26. h6 Qxa2 27. Rxe8 Rxe8 28. c4 Qb2 1/2-1/2

[Event "20th Open"]
[Site "Cappelle la Grande FRA"]
[Date "2004.03.03"]
[Round "6"]
[White "Socko,B"]
[Black "Skatchkov,P"]
[Result "1/2-1/2"]
[WhiteElo "2556"]
[BlackElo "2493"]
[EventDate "2004.02.28"]

1. e4 e5 2. Nf3 Nf6 3. Nxe5 d6 4. Nf3 Nxe4 5. d4 d5 6. Bd3 Bd6 7. O-O O-O
8. Re1 Bf5 9. c4 c6 10. c5 Bc7 11. Nc3 Re8 12. Qc2 Nd7 13. Nxe4 dxe4 14.
Bxe4 Qe7 15. Ng5 Nf6 16. f3 h6 17. Bd2 Nxe4 18. Nxe4 Qh4 19. g3 Bxg3 20.
hxg3 Bxe4 1/2-1/2

[Event "20th Open"]
[Site "Cappelle la Grande FRA"]
[Date "2004.03.03"]
[Round "6"]
[White "Frolyanov,D"]
[Black "Piot,O"]
[Result "1-0"]
[WhiteElo "2489"]
[BlackElo "2245"]
[EventDate "2004.02.28"]

1. e4 e5 2. Nf3 Nf6 3. Nxe5 d6 4. Nf3 Nxe4 5. Nc3 Nxc3 6. dxc3 Be7 7. Bf4
O-O 8. Qd2 Nd7 9. O-O-O Nc5 10. Kb1 Re8 11. Be3 Bf6 12. Nd4 Ne4 13. Qc1 c5
14. Nb3 Qb6 15. f3 Nxc3+ 16. bxc3 a5 17. a4 Bd7 18. Bxc5 dxc5 19. Rxd7 Bxc3
20. Bb5 Re6 21. Qf4 Bf6 22. Qc7 Rc8 23. Qxb6 1-0

[Event "20th Open"]
[Site "Cappelle la Grande FRA"]
[Date "2004.03.03"]
[Round "6"]
[White "Borsuk,A"]
[Black "Adly,A"]
[Result "1-0"]
[WhiteElo "2257"]
[BlackElo "2482"]
[EventDate "2004.02.28"]

1. d4 d5 2. c4 e6 3. Nc3 Nf6 4. Nf3 c6 5. cxd5 exd5 6. Bg5 Nbd7 7. e3 Be7
8. Bd3 O-O 9. Qc2 Re8 10. O-O Nf8 11. Rae1 Ng6 12. Ne5 Ne4 13. Bxe7 Qxe7
14. Nxe4 dxe4 15. Bxe4 Nxe5 16. dxe5 Qxe5 17. Bxh7+ Kf8 18. f4 Qa5 19. f5
Qe5 20. Rf3 Rd8 21. Qf2 Rd6 22. Rf4 Bd7 23. f6 g5 24. Rf3 Re8 25. Bf5 g4
26. Qh4 Rxf6 27. Bxd7 Qg5 28. Qh8+ Ke7 29. Qxe8+ Kd6 30. Rd1+ 1-0

[Event "20th Open"]
[Site "Cappelle la Grande FRA"]
[Date "2004.03.03"]
[Round "6"]
[White "Atalik,S"]
[Black "Raetsky,A"]
[Result "1/2-1/2"]
[WhiteElo "2554"]
[BlackElo "2417"]
[EventDate "2004.02.28"]

1. d4 d5 2. c4 dxc4 3. Nf3 a6 4. e3 Bg4 5. Bxc4 e6 6. h3 Bh5 7. g4 Bg6 8.
Ne5 Nd7 9. Nxg6 hxg6 10. Nc3 Ngf6 11. g5 Nd5 12. Nxd5 exd5 13. Bxd5 c6 14.
Bf3 Qxg5 15. Bd2 Be7 16. Qc2 Qf5 17. Be4 Qe6 18. Bg2 Nf6 19. e4 Rd8 20. Be3
Rh4 21. f3 Nd5 22. Bf2 Nf4 23. Kf1 Rh5 24. h4 Bf6 25. e5 Be7 26. b3 Qd5 27.
Re1 Qb5+ 28. Qc4 Qa5 1/2-1/2

[Event "20th Open"]
[Site "Cappelle la Grande FRA"]
[Date "2004.03.03"]
[Round "6"]
[White "Tseitlin,Ma"]
[Black "Le Corre,B"]
[Result "1-0"]
[WhiteElo "2426"]
[BlackElo "2122"]
[EventDate "2004.02.28"]

1. e4 c5 2. Nf3 Nc6 3. Bb5 e6 4. O-O Nge7 5. Re1 a6 6. Bxc6 Nxc6 7. d4 cxd4
8. Nxd4 d6 9. Nc3 Be7 10. Nxc6 bxc6 11. Qg4 g6 12. Bh6 e5 13. Qg3 Be6 14.
Rad1 Qc7 15. f4 f6 16. Kh1 Rb8 17. b3 Rg8 18. fxe5 dxe5 19. Be3 Bb4 20. Rd3
Kf7 21. Rf1 Kg7 22. Bh6+ Kf7 23. Qh4 Be7 24. Bg5 f5 25. exf5 gxf5 26. Ne4
h6 27. Qh5+ Rg6 28. Bxe7 Qxe7 29. Rg3 Rbg8 30. Rxf5+ 1-0

[Event "20th Open"]
[Site "Cappelle la Grande FRA"]
[Date "2004.03.03"]
[Round "6"]
[White "Badea,B"]
[Black "Moranda,W"]
[Result "1-0"]
[WhiteElo "2509"]
[BlackElo "2334"]
[EventDate "2004.02.28"]

1. Nf3 Nf6 2. g3 d5 3. Bg2 e6 4. O-O Be7 5. c4 O-O 6. d4 dxc4 7. Qc2 a6 8.
a4 Bd7 9. Qxc4 Bc6 10. Bg5 a5 11. Nc3 Na6 12. Bxf6 Bxf6 13. e4 Nb4 14. Rfd1
b6 15. Ne1 Rc8 16. e5 Bxg2 17. Nxg2 Be7 18. d5 exd5 19. Nxd5 Nxd5 20. Rxd5
Qe8 21. Nf4 Kh8 22. Re1 Bb4 23. Re2 c6 24. Rd4 b5 25. Qc2 c5 26. Rd5 bxa4
27. e6 g6 28. e7 Rg8 29. Qd1 a3 30. bxa3 Bc3 31. Rd6 Kg7 32. Nd5 Bd4 33.
Nb6 Rb8 34. Nd7 Rb7 35. Rxd4 cxd4 36. Qxd4+ Kh6 37. Nf6 Rb1+ 38. Kg2 Qc6+
39. f3 Re8 40. Ng4+ Kh5 41. Qf6 1-0

[Event "20th Open"]
[Site "Cappelle la Grande FRA"]
[Date "2004.03.03"]
[Round "6"]
[White "Platel,A"]
[Black "Bessat,R"]
[Result "1-0"]
[WhiteElo "2088"]
[BlackElo "2002"]
[EventDate "2004.02.28"]

1. e4 e5 2. Nf3 Nf6 3. d4 Nxe4 4. Bd3 d5 5. dxe5 Bf5 6. O-O Be7 7. Nd4 Bg6
8. f4 c5 9. Bb5+ Kf8 10. f5 cxd4 11. fxg6 hxg6 12. Qf3 f5 13. exf6 gxf6 14.
Bd3 Qd6 15. Bf4 Qb4 16. Bxe4 dxe4 17. Qxe4 Nc6 18. Qxg6 Qxb2 19. Bd6 d3 20.
Rxf6+ 1-0

[Event "20th Open"]
[Site "Cappelle la Grande FRA"]
[Date "2004.03.04"]
[Round "7"]
[White "Chernyshov,K"]
[Black "Dzhumaev,M"]
[Result "1-0"]
[WhiteElo "2557"]
[BlackElo "2498"]
[EventDate "2004.02.28"]

1. d4 f5 2. c4 Nf6 3. Nc3 g6 4. h4 d6 5. h5 Bg7 6. hxg6 hxg6 7. Rxh8+ Bxh8
8. Qd3 Nc6 9. Nf3 Ng4 10. Bg5 Qd7 11. Rd1 e6 12. e3 Qh7 13. c5 d5 14. Qb5
a6 15. Qa4 Bd7 16. Qb3 Rb8 17. Qc2 Bf6 18. Bf4 Kd8 19. a3 Qg7 20. Qd2 g5
21. Bg3 Ke7 22. Bxc7 Rh8 23. Ne2 Kf7 24. Bd6 a5 25. Ng3 a4 26. Bb5 Ra8 27.
Ke2 Kg6 28. Rh1 Na5 29. Bd3 Qf7 30. Qb4 Nc6 31. Qe1 Re8 32. Qb1 Bd8 33. Kf1
Qg7 34. Qc2 Bf6 35. Qd1 Na5 36. Nxg5 Nxe3+ 37. fxe3 Bc8 38. Bxf5+ exf5 1-0

[Event "20th Open"]
[Site "Cappelle la Grande FRA"]
[Date "2004.03.04"]
[Round "7"]
[White "Gyimesi,Z"]
[Black "Delchev,A"]
[Result "1/2-1/2"]
[WhiteElo "2553"]
[BlackElo "2624"]
[EventDate "2004.02.28"]

1. d4 Nf6 2. c4 e6 3. Nf3 Bb4+ 4. Bd2 c5 5. Bxb4 cxb4 6. Qd3 O-O 7. Nbd2 d6
8. e4 a5 9. Be2 b6 10. O-O Bb7 11. Ne1 e5 12. Nc2 Re8 13. Rfe1 Nbd7 1/2-1/2

[Event "20th Open"]
[Site "Cappelle la Grande FRA"]
[Date "2004.03.04"]
[Round "7"]
[White "Gleizerov,E"]
[Black "Meynard,T"]
[Result "1-0"]
[WhiteElo "2589"]
[BlackElo "2278"]
[EventDate "2004.02.28"]

1. d4 d5 2. c4 c6 3. Nf3 Nf6 4. Nc3 a6 5. Ne5 b5 6. cxd5 cxd5 7. Bf4 Bb7 8.
e3 Nbd7 9. Bd3 e6 10. O-O Be7 11. a4 b4 12. Na2 O-O 13. Nc1 Nxe5 14. Bxe5
Nd7 15. Bg3 a5 16. Nb3 Qb6 17. Qe2 Rfc8 18. Rfc1 Rxc1+ 19. Rxc1 Bc6 20.
Bxh7+ Kf8 21. Nc5 g6 22. Bxg6 fxg6 23. Bc7 Qa7 24. Nxe6+ Kf7 25. Rxc6 Qb7
26. Qc2 b3 27. Nd8+ Rxd8 28. Qxg6+ Kf8 29. Bxd8 Bxd8 30. Qf5+ Ke8 31. Qh5+
Kf8 32. Qxd5 Qb4 33. g3 Qe7 34. Rd6 Ke8 35. Re6 1-0

[Event "20th Open"]
[Site "Cappelle la Grande FRA"]
[Date "2004.03.04"]
[Round "7"]
[White "Dufour,O"]
[Black "Atalik,S"]
[Result "0-1"]
[WhiteElo "2051"]
[BlackElo "2554"]
[EventDate "2004.02.28"]

1. d4 d5 2. Nf3 Nf6 3. c4 e6 4. g3 Bb4+ 5. Bd2 a5 6. Qc2 c5 7. a3 Bxd2+ 8.
Nbxd2 cxd4 9. cxd5 O-O 10. Rc1 Na6 11. Nxd4 Qxd5 12. N4f3 Bd7 13. Bg2 Rac8
14. Qd1 Rxc1 15. Qxc1 Rc8 16. Qb1 Bb5 17. O-O Bxe2 18. Rc1 Rd8 19. Qc2 h6
20. Qb3 Bxf3 21. Bxf3 Qf5 22. Qe3 Rxd2 23. Qxd2 Qxf3 24. Qxa5 Ne4 25. Qd8+
Kh7 26. Qd4 Ng5 27. Rc3 Nh3+ 28. Kf1 Qh1+ 29. Ke2 Ng1+ 30. Ke3 f5 31. h4
Qf3+ 32. Kd2 Qe2+ 33. Kc1 Qb5 34. a4 Ne2+ 0-1